000 00510nam a2200169 a 4500
008 980820s1989 m yCZ 0 cze c
020 _a802070051X
_c19
040 _aSNK
_bslo
_cSNK
_eAACR2
041 1 _acze
_hita
044 _aCZ
080 _a850-32=850
100 1 _aTomasi di Lampedusa, Giuseppe
_4aut
245 1 0 _aLigeia a jiné prózy
_cGiuseppe Tomasi di Lampedusa ; z ital. orig. přel. Jiří Pelán ; il. Václav Bláha
260 _aPraha
_bOdeon
_c1989
300 _a163, [2] s.
_c
958 _aA
999 _c11985
_d11985